Niekoľko poznámok k budovaniu terminologickej databázy v Slovenskej ekonomickej knižnici EU

Špecializovaný selekčný jazyk pre oblasť ekonómie a interdisciplinárne vedy ako jeden z kľúčových systémových provkov automatizovaného knižnično-informačného systému SEK. Budovanie selekčného jazyka a jeho význam pri vyhľadávaní relevantných informácií.

Saved in:
Bibliographic Details
Main Author: Mártonová, Renáta
Format: Book Chapter
Language:Slovak
Subjects:
Tags: Add Tag
No Tags, Be the first to tag this record!

MARC

LEADER 00000naa$a2200000$$$4500
001 0051422
005 20240502071612.3
041 0 |a slo 
044 |a SK 
245 1 0 |a Niekoľko poznámok k budovaniu terminologickej databázy v Slovenskej ekonomickej knižnici EU  |c Renáta Mártonová 
520 |a Špecializovaný selekčný jazyk pre oblasť ekonómie a interdisciplinárne vedy ako jeden z kľúčových systémových provkov automatizovaného knižnično-informačného systému SEK. Budovanie selekčného jazyka a jeho význam pri vyhľadávaní relevantných informácií. 
610 2 0 |a jazyky selekčné 
610 2 0 |a terminológia 
610 2 0 |a báza dát 
610 2 0 |a Slovenská ekonomická knižnica Ekonomickej univerzity v Bratislave 
100 1 |a Mártonová, Renáta